00473 2200169 4500001002100000005001500021035002000036007000300056008003900059082000700098084001300105100001300118245009100131260004600222650002000268990001500288INLIS00000000000988120260413124647 a0010-0426000192ta260413 | | |  a11 a11 SAK s0 aSAKARIAS1 aSTRATEGI PENINGKATAN KINERJA PEGAWAI SEKRETARIAT DPRD KABUPATEN GUNUNG MAS /cSAKARIAS aPALANGKA RAYA :bPERPUSTAKAAN UMPR,c2026 4aKINERJA PEGAWAI a2311228713